000
00369nam a2200169Ia 4500
003
0100
008
130303s9999 xx 000 0 und d
040
_c
ARRUPELIB
050
_a
BV600.2.D781974
100
_a
Dulles, Avery
245
_a
Models of the Church
260
_a
NY
260
_b
Doubleday Company Inc
260
_C
1974
300
_a
216p
942
0
0
_0
5
999
_c
30386
_d
30386